000 00413nam a22001451a 4500
082 _aM3
_bKUM/M
100 _aKumaran U K
_9111132
245 _aMalarnnu parakkunna kakka/
_cby Kumaran U K
260 _aKottayam:
_bSahitya Pravartaka Co-operative Society,
_c1984.
300 _a101p.
650 _aNovel Malayalam
_9111133
650 _aLiterature Malayalam
_9111134
650 _aLiterature
_9111135
942 _cBK
999 _c27044
_d27044